Quiz sur la planète Mars - Statistiques

Statistiques générales
  • Ce quiz a été pris 8 538 fois
    8 535 depuis la dernière actualisation
  • Le résultat moyen est 7 sur 18
Statistiques - réponses
Indice Réponse % Correct
Mars est nommée d'après le dieu romain de ____ la Guerre
91%
Nom grec de ce dieu romain Arès
73%
Espèce chimique qui donne à Mars son apparence rougeâtre Oxyde de {Fer}
62%
Type de tempête qui encercle parfois la planète entière Tempête de {sable}
57%
Gaz qui représente 95,97% de l'atmosphère de Mars Dioxyde de Carbone
48%
Premier pays à envoyer une sonde à la surface de Mars, en 1971 Union Soviétique
47%
Entreprise américaine fondée en 2002 dans le but de permettre la colonisation de Mars SpaceX
45%
Acteur principal du film "Seul sur Mars" sorti en 2015 Matt Damon
41%
Le plus grand volcan du système solaire {Olympus} Mons
36%
D'après les prévisions des scientifiques, Mars sera pourvue de ceci dans 35 à 50 millions d'années, devenant la cinquième planète du système solaire à en posséder un Anneau
32%
Nom du rover de la NASA qui explore Mars actuellement Curiosity
27%
Satellites naturels de Mars Phobos
27%
Satellites naturels de Mars Déimos
22%
Le Valles Marineris est un système de long et extrêmement profond de... Canyons
18%
Terme désignant la période de rotation de Mars, soit environ 24 heures et 39 minutes Sol
14%
Le martien des Looney Tunes qui veut détruire la Terre {Marvin} le Martien
8%
La première sonde fonctionnelle s'étant posée sur Mars, en 1976 Viking 1
7%
Sonde spatiale qui a effectué le premier survol réussi de Mars en 1965 Mariner 4
6%
Aucun quiz correspondant
Distribution des résultats
% des personnes avec chaque résultat
Percentile par nombre de réponses
Votre historique - résultats
Vous n’avez pas pris ce quiz depuis la dernière actualisation